Characters - Statistics

General Stats
  • This quiz has been taken 42 times
  • The average score is 13 of 79
Answer Stats
Characters Book/Poem % Correct
Mr. Darcy, Elizabeth Bennet, Charles Bingley Pride and Prejudice
75%
Atticus, Boo Radley, Scout To Kill a Mockingbird
75%
Hatter, Queen of Hearts, Cheshire Cat Alice's Adventures in Wonderland
50%
Jean Valjean, Javert, Fantine, Cosette Les Miserables
50%
March Family: Jo, Amy, Meg, Beth Little Women
50%
Capt. Ahab, Ishmael, Queequeg Moby Dick
50%
Jay, Daisy Buchanan, Nick Carraway The Great Gatsby
50%
Napoleon, Snowball Animal Farm
42%
Willy Loman, Linda, Biff and Happy Death of a Salesman
42%
Heathcliff, Catherine Earnshaw, Hareton Earnshaw Wuthering Heights
42%
Count Vronsky, Oblonsky Anna Karenina
33%
Sancho Panza, Alonso Quijano Don Quixote
33%
D'Artagnan, Porthos, Aramis, Athos The Three Musketeers
33%
Blanche Dubois, Stella Kowalski, Stanley Kowalski A Streetcar Named Desire
25%
Guy Montag, Clarisse McClellan, Mildred Montag Fahrenheit 451
25%
Miss Havisham, Pip, Estella Great Expectations
25%
Edward Rochester, Bertha Mason Jane Eyre
25%
Goneril, Regan, Cordelia, Edmund King Lear
25%
Piggy, Jack, Ralph, Simon, Sam Lord of the Flies
25%
Eliza Doolittle, Professor Henry Higgins, Colonel Pickering Pygmalion
25%
Elinor Dashwood, Marianne Dashwood, John Willoughby Sense and Sensibility
25%
Holden Caufield, Stradlater, Mr. Antolini The Catcher in the Rye
25%
John Proctor, Abigail Williams, Rev. Hale The Crucible
25%
Andrei Nikolayevich Bolkonsky, Natasha Rostova War and Peace
25%
Yossarian, Major Major, Doc Daneeka Catch-22
17%
Mephistopheles, Gretchen, Wagner Faust
17%
Charlie Marlow, Kurtz, Gen. Manager, The Russian Trader Heart of Darkness
17%
Humbert Humbert, Dolores Haze, Charlotte Haze, Clare Quilty Lolita
17%
Gregor Samsa, Grete Samsa Metamorphosis
17%
Creon, Antigone, Jocasta, Tiresias Oedipus Rex
17%
Emily Webb, George Gibbs, Mr. & Mrs. Webb Our Town
17%
The Pardoner, Wife of Bath, The Host, The Knight The Canterbury Tales
17%
Tom Joad, Casy, Tio John Joad The Grapes of Wrath
17%
Falstaff, Mistress Page, Ford & Quickly The Merry Wives of Windsor
17%
Hester Prynne, Arthur Dimmesdale, Roger Chillingworth The Scarlet Letter
17%
Leopold Bloom, Stephen Dedalus, Molly Bloom Ulysses
17%
Eliza, Topsy, Simon Legree Uncle Tom's Cabin
17%
Charles Darnay, Sydney Carton, Alexandre Manette A Tale of Two Cities
8%
Pangloss, Cunegonde, Cacambo Candide
8%
Rodion Raskolnikov, Sonia Marmeladova Crime and Punishment
8%
Dante Alighieri, Virgil, Beatrice Inferno
8%
The Tyrones: James, Mary, Jamie, Edmund Long Day's Journey Into Night
8%
Jose Buendia, Colonel Buendia One Hundred Years of Solitude
8%
Christian, Evangelist, Obstinate, Pliable Pilgrim's Progress
8%
Friday, Xury Robinson Crusoe
8%
Jim, Pap Finn, Aunt Polly The Adventures of Huckleberry Finn
8%
Alyosha, Dmitri, Ivan, Fyodor The Brothers Karamazov
8%
Edmond Dantes, Mercedes Herrera, Danglars The Count of Monte Cristo
8%
Jim O'Connor and the Wingfields: Amanda, Tom, Laura The Glass Menagerie
8%
Jack Worthing, Algernon Moncrieff, Gwendolen Fairfax, The Importance of Being Earnest
8%
Lady Brett Ashley, Jake Barnes, Bill Gorton The Sun Also Rises
8%
Ezinma, Okonkwo, Ikemefuna Things Fall Apart
8%
Becky Sharp, Amelia Sedley, Sir Pitt Crawley Vanity Fair
8%
Nora Helmer, Nils Krogstad, Dr. Rank A Doll's House
0%
Aeneas, Turnus, Dido, Juno, Venus Aeneid
0%
Frederic Henry, Catherine Barkley, Rinaldi A Farewell to Arms
0%
Creon, Ismene, Eurydice, Polynices Antigone
0%
Beneatha Younger, Walter Lee Younger A Raisin in the Sun
0%
Bernard Marx, Mustapha Mond, Lenina Crowne Brave New World
0%
Tatyana Larin, Olga Larin, Vladimir, Lensky Eugene Onegin
0%
Robert Jordan, El Sordo, Pilar For Whom the Bell Tolls
0%
Tod Clifton, Ras the Exhorter, Brother Jack Invisible Man
0%
Septimus Smith, Hugh Whitbread Mrs. Dalloway
0%
Lena Lingard, Jimmy Burden My Antonia
0%
The Devil, God, Eve, Michael Paradise Lost
0%
Billy Pilgrim, Mother Night, Montana Wildhack Slaughterhouse Five
0%
Buck, John Thornton, Spitz, Hal The Call of the Wild
0%
Lord Cardigan, Capt Louis Nolan, Lord Raglan The Charge of the Light Brigade
0%
St. Bernard, Apostle Peter, Thomas Aquinas The Divine Comedy
0%
Jurgis Rudkus, Marija Berczynskas, Ona Rudkus The Jungle
0%
Clawdia Chauchat, Hans Castorp The Magic Mountain
0%
Basil Hallward, Lord Henry Wotton, Sibyl Vane The Picture of Dorian Gray
0%
Henry Fleming, Jim Conklin, Wilson The Red Badge of Courage
0%
Pilot, Death, Wedding Guest, Life-in-Death The Rime of the Ancient Mariner
0%
Quentin Compson, Dilsey Gibson, Jason Compson III The Sound and the Fury
0%
Arthur Meursault, Marie Cardona, Salamano The Stranger
0%
Tiresias, Madame Sosostris, Phlebas the Phoenician The Waste Land
0%
Mrs. & Mr. Ramsay, Charles Tansley, Lily Briscoe To the Lighthouse
0%
Jack Gladney, Murray Siskind, Babette Gladney White Noise
0%
No matching quizzes found
Score Distribution
Percent of People with Each Score
Percentile by Number Answered
Your Score History
You have not taken this quiz